Städte, die an Stuttgart grenzen - Statistiken

Allgemein
  • Dieses Quiz wurde 173 mal gespielt
  • Das Durchschnittsergebnis liegt bei 7 aus 15
Antwortstatistiken
Antwort % Korrekt
Esslingen am Neckar
91%
Leinfelden-Echterdingen
79%
Sindelfingen
73%
Fellbach
68%
Leonberg
67%
Filderstadt
63%
Kornwestheim
51%
Ostfildern
48%
Remseck am Neckar
42%
Ditzingen
39%
Gerlingen
39%
Korntal-Münchingen
38%
Kernen im Remstal
16%
Neuhausen auf den Fildern
14%
Möglingen
9%
Keine übereinstimmenden Quizze gefunden
Verteilung der Resultate
Anzahl Personen mit jedem Resultat
Perzentil nach korrekt beantworteten Fragen
Ihre Resultats-Entwicklung
Sie haben dieses Quiz noch nicht gespielt